000 00326nam a22001217a 4500
020 _a0-85274-758-6
082 _a621.381537 WAQT
100 _aWATSON.J
_941689
245 _aANALOG AND SWITCHING CIRCUIT DESIGN, USING INTEGRATED AND DISCRETE DEVICES
260 _aNEW YORK
_bADAM HILGER
_c1984
300 _a602P
942 _cBK
999 _c573976
_d573976